| 000 -LEADER | |
|---|---|
| fixed length control field | 00464nam a22001697a 4500 |
| 005 - DATE AND TIME OF LATEST TRANSACTION | |
| control field | 20181016114549.0 |
| 008 - FIXED-LENGTH DATA ELEMENTS--GENERAL INFORMATION | |
| fixed length control field | 160513b xxu||||| |||| 00| 0 eng d |
| 020 ## - INTERNATIONAL STANDARD BOOK NUMBER | |
| ISBN | 978-81-317-3064-5 |
| 041 ## - LANGUAGE CODE | |
| Language code of text/sound track or separate title | eng |
| 082 ## - DEWEY DECIMAL CLASSIFICATION NUMBER | |
| Item number | 1887 |
| Classification number | 658.403 |
| 100 ## - MAIN ENTRY--AUTHOR NAME | |
| Personal name | Ken Laudon, Jane Laudon, and Rajanish Dass |
| 245 ## - TITLE STATEMENT | |
| Title | Management Information System. |
| 260 ## - PUBLICATION, DISTRIBUTION, ETC. (IMPRINT) | |
| Place of publication | Noida |
| Name of publisher | Dorlung Kindesley India P. Ltd. |
| Year of publication | 2010 |
| 300 ## - PHYSICAL DESCRIPTION | |
| Number of Pages | 581p, |
| 650 ## - SUBJECT ADDED ENTRY--TOPICAL TERM | |
| Topical Term | Management |
| 942 ## - ADDED ENTRY ELEMENTS (KOHA) | |
| Koha item type | Books |
| Lost status | Damaged status | Collection code | Home library | Current library | Shelving location | Date acquired | Full call number | Accession Number | Koha item type |
|---|---|---|---|---|---|---|---|---|---|
| MANAGEMENT | JRU Library | JRU Library | SHELF - 69 A | 13/05/2016 | 658.403 | 1887 | Books | ||
| MANAGEMENT | JRU Library | JRU Library | SHELF - 69 A | 13/05/2016 | 658.403 | 1888 | Books | ||
| Reference | JRU Library | SHELF-29-A | 13/05/2016 | 658.403 | 1889 | Books | |||
| MANAGEMENT | JRU Library | JRU Library | SHELF - 69 A | 13/05/2016 | 658.403 | 1890 | Books | ||
| MANAGEMENT | JRU Library | JRU Library | SHELF - 69 A | 13/05/2016 | 658.403 | 1891 | Books |